Persian to English Country Names - Statistics

General Stats
  • This quiz has been taken 31 times
  • The average score is 19 of 21
Answer Stats
Perisan Phonetic English % Correct
استرالیا Ostrāliā Australia
100%
کرواسی Kroāsī Croatia
100%
فنلاند Fenlānd Finland
100%
ایران Irān Iran
100%
هلند Holand Netherlands
100%
نیوزیلند Niu-ziland New Zealand
100%
روسیه Rusiye Russia
100%
آفریقای جنوبی Āfriqā-ye Jonubi South Africa
100%
اسپانیا Espāniyā Spain
100%
امریکا Eyālāt-e Mottahade-ye Āmrikā USA
100%
بلژیک Belzhik Belgium
95%
بلغارستان Bolghārestān Bulgaria
95%
ژاپن Zhāpon Japan
95%
سوئیس Svis Switzerland
95%
آرژانتین Ārzhāntin Argentina
91%
آلمان Ālmān Germany
91%
جمهوری چک Jomhuri-ye Chek Czechia
82%
مصر Mesr Egypt
73%
مجارستان Majārestān Hungary
68%
سوئد So’ed Sweden
68%
یونان Yunān Greece
55%
No matching quizzes found
Score Distribution
Percent of People with Each Score
Percentile by Number Answered
Your Score History
You have not taken this quiz